000
00279nam a22001337a 4500
082
_a
920
_b
SRI/G
100
_a
SRNIVASAN,ARCHANA
245
_a
GREAT INVENTORS
250
_a
2009
260
_a
INDIA
_b
FIRST EDITION
300
_a
92
650
_a
BIOGRAPHIES
_z
CHENNAI
942
_c
BK
999
_c
6441
_d
6441